000 00355nam a2200133Ia 4500
008 240624s9999 xx 000 0 und d
041 _aeng
082 _a332.497 GAN
100 _aGANZIRO TARANZA T
245 _aEXORBITANT BURDEN THE IMPACT OF THE U S
260 _c2016
_aUnited Kingdom
_bEmerald
300 _axxix, 250 p.; 23 cm.
365 _cBPS
_b33
999 _c32217
_d32217